دراسة تقابلية بين لغة الشلك واللغة العريبة
Saved in:
| Main Author: | |
|---|---|
| Other Authors: | |
| Format: | Thesis |
| Language: | Arabic |
| Published: |
خرطوم
: معهد خرطوم دولى غة عربية،
1979
|
| Subjects: | |
| Tags: |
Add Tag
No Tags, Be the first to tag this record!
|
| LEADER | 011160000a22002650004500 | ||
|---|---|---|---|
| 001 | 45936 | ||
| 005 | 20091201114200.0 | ||
| 008 | 921104s1979 ara | ||
| 035 | |a (Sirsi) 45936 | ||
| 040 | |a UIAM |b eng | ||
| 050 | |a PJ6122 | ||
| 100 | 1 | |a أدوكيانج، أديانج يانج | |
| 242 | 1 | 0 | |a Dirasah taqabuliyah bayna lughat al-Shilluk wa-al-lughah al-'Arabiyah / |c i'dad Adianj Aliyanj Adukianj; ishraf James Dahb wa Taghrid al-Sayyid 'Anbar |
| 245 | 1 | 0 | |a دراسة تقابلية بين لغة الشلك واللغة العريبة |
| 260 | 1 | |a خرطوم |b : معهد خرطوم دولى غة عربية، |c 1979 | |
| 300 | |a 52 p. | ||
| 502 | |a (Dip.)--Ma'had al-Khartoum al-Dawli lil-Lughat al-'Arabiyah | ||
| 596 | |a 1 | ||
| 650 | 0 | |a Arabic language |x Phonetics | |
| 650 | 0 | |a Shilluk language |x Phonetics | |
| 700 | 1 | |a Adukianj, Adianj Aliyanj | |
| 710 | 1 | |a Ma'had al-Khartum al-Dawli lil-Lughah al-'Arabiyah | |
| 900 | |a amag-khs | ||
| 999 | |c 429893 |d 461384 | ||
| 952 | |0 0 |6 T PJ 006122 A244D |7 0 |8 THESES |9 748800 |a IIUM |b IIUM |c MULTIMEDIA |g 0.00 |o t PJ6122A244D |p 00000205852 |r 2017-10-20 |t 1 |v 0.00 |y THESIS | ||
